000
00299nam a2200121Ia 4500
005
20251222144800.0
008
251222s9999||||xx |||||||||||||| ||spa||
020
_a
978-603-45247-8-1
082
_a
641.250.985/R53
100
_a
Ricketts, Mary Ann
245
0
_a
Pisco: Arte y tradición
942
_c
LIB
999
_c
19708
_d
19708